01625nam a2200301 a 450000100100000000500170001000800410002704000250006808200270009310000390012024501270015925000110028626000410029730000210033850400320035959000270039165000640041865100540048265100420053665000130057891000390059195201400063095201400077095201400091095201250105095201310117599900170130600001521320260415174538.0100203s2005 dr 000 0 spa d aDO-SdBNPbspacBNPHU a320.97293bF825h, 20051 aFranco, Franklin J.,d1936-93441710aHistoria de las ideas políticas en la República Dominicana :bcontribución a su estudio /cFranklin Franco Pichardo. a3a ed. aSanto Domingo :bNacional,c[2005?]. a305 p. ;c21 cm. aBibliografía : p. 306-341 aInventariado, 2018/ YL 4aCiencia políticazRepública DominicanaxHistoria934443 0aRepública DominicanaxPolítica y gobierno945 4aRepública DominicanaxHistoria9170 0a 912155 aValidado. Control de calidad BNPHU 001054708DSaGRbGRcHDd2010-02-03iLF1l0o320.97293 F825h, 2005p15213-30r2020-06-25te. 3w2020-06-25yLFDSZPréstamo en sala 001054708DSaGRbGRcHDd2010-02-03iLF1l0o320.97293 F825h, 2005p15213-40r2020-06-25te. 4w2020-06-25yLFDSZPréstamo en sala 001054708DSaGRbGRcHDd2010-02-03iLF1l0o320.97293 F825h, 2005p15213-50r2020-06-25te. 5w2020-06-25yLFDSZPréstamo en sala 0010718PDaPDbPDcHDd2010-02-03iLF1l0o320.97293 F825h, 2005p15213-10r2020-06-25w2020-06-25yLFPDZNo se presta 0010718PDaPDbPDcHDd2010-02-03iLF1l0o320.97293 F825h, 2005p15213-20r2020-06-25te. 2w2020-06-25yLFPDZNo se presta c14784d14784